Biokompozity na bázi polyester-urethanových matric

Saved in:
Bibliographic Details
Main Author Navrátilová, Markéta (Dissertant)
Other Authors Sedlařík, Vladimír (Thesis advisor)
Format Manuscript Book
LanguageCzech
Published 2013
Subjects
Online AccessPlný text v Digitální knihovně UTB
Physical Description66s. 79641 znaků

Cover

LEADER 00000ntm a22000007u 4500
001 zp32704
041 |a cze 
100 1 |a Navrátilová, Markéta  |4 dis 
245 1 0 |a Biokompozity na bázi polyester-urethanových matric 
246 |a Polyesterurethane Based Biocomposites 
260 |c 2013 
300 |a 66s. 79641 znaků 
500 |a Studijní obor: Inženýrství polymerů 
500 |a Studijní obor: Polymer Engineering 
500 |a Ústav: Ústav inženýrství polymerů 
500 |a Univerzita Tomáše Bati ve Zlíně. Fakulta technologická 
500 |a Tomas Bata University in Zlín. Faculty of Technology 
506 |a Bez omezení 
653 |a biokompozity 
653 |a přírodní vlákna 
653 |a kompatibilizace 
653 |a biocomposites 
653 |a natural fibres 
653 |a compatibilization 
655 4 |a diplomová práce 
700 1 |a Sedlařík, Vladimír  |4 ths 
710 2 |a Univerzita Tomáše Bati ve Zlíně. Fakulta technologická  |4 dgg 
710 2 |a Tomas Bata University in Zlín. Faculty of Technology  |4 dgg 
856 4 0 |u http://hdl.handle.net/10563/24824  |y Plný text v Digitální knihovně UTB